000
00296 a2200145 4500
001
178731
020
_a
040
_c
Magnum
100
_a
Helo
240
1
0
_a
Tran-tran-tran !
_l
por
245
1
0
_a
Tran-tran-tran !
362
0
_a
1899
697
_a
MAGNITO: IJ/AVENTURA, CRIANCAS
942
_c
BK
999
_c
178731
_d
178731